[Event "Mlada Boleslav Region-ch U16"]
[Site "Mlada Boleslav"]
[Date "2017.06.24"]
[Round "1"]
[White "Havelka, Frantisek"]
[Black "Stepan, Vojtech"]
[Result "1/2-1/2"]
[WhiteElo "1404"]
[BlackElo "1710"]
[PlyCount "69"]
[EventDate "2017.06.24"]
[EventType "swiss"]
[EventRounds "7"]
[EventCountry "CZE"]
[SourceTitle "CBM 179 Extra"]
[Source "ChessBase"]
[SourceDate "2017.08.23"]
[SourceVersion "1"]
[SourceVersionDate "2017.08.23"]
[SourceQuality "1"]

1. d4 b5 2. e3 a6 3. f4 Bb7 4. Nf3 Nf6 5. Bd3 e6 6. Nbd2 c5 7. c3 Nc6 8. 0-0 Be7 9. Ne5 Nd5 10. Qe2 d6 11. Nef3 0-0 12. Ne4 c4 13. Bc2 h6 14. Kh1 f5 15. Ng3 Nf6 16. e4 fxe4 17. Nxe4 Qd7 18. Nxf6+ Rxf6 19. Re1 Raf8 20. f5 exf5 21. d5 Ne5 22. Nxe5 dxe5 23. Qxe5 Bd6 24. Qd4 Qc7 25. h3 Bc5 26. Bf4 Qb6 27. Qd2 Rd8 28. Re5 Bd6 29. Rxf5 Bxf4 30. Qxf4 Rxd5 31. Rxf6 Qxf6 32. Qb8+ Rd8 33. Qxb7 Qf2 34. Qe4 Qf6 35. Re1 1/2-1/2

[Event "Mlada Boleslav Region-ch U20"]
[Site "Mlada Boleslav"]
[Date "2014.06.22"]
[Round "6"]
[White "Havelka, Frantisek"]
[Black "Mezera, Matej"]
[Result "0-1"]
[WhiteElo "1321"]
[BlackElo "1416"]
[PlyCount "104"]
[EventDate "2014.06.21"]
[EventType "swiss"]
[EventRounds "7"]
[EventCountry "CZE"]
[SourceTitle "EXT 2016"]
[Source "ChessBase"]
[SourceDate "2015.10.08"]
[SourceVersion "1"]
[SourceVersionDate "2015.10.08"]
[SourceQuality "1"]

1. c4 c5 2. Nc3 Nc6 3. Nf3 e6 4. d4 cxd4 5. Nxd4 Bc5 6. Ndb5 d6 7. Bf4 e5 8. Bg3 Be6 9. Nd5 Bxd5 10. cxd5 Qa5+ 11. Nc3 Bb4 12. Rc1 Nce7 13. e4 Nf6 14. f3 Rc8 15. Qd3 0-0 16. Be2 Qxa2 17. 0-0 Qxb2 18. Rc2 Bc5+ 19. Bf2 Qb6 20. Qb5 Bxf2+ 21. Rxf2 Qxb5 22. Bxb5 a6 23. Bd3 b5 24. Nb1 Nd7 25. Rxc8 Rxc8 26. Rc2 Rxc2 27. Bxc2 Nc5 28. Kf2 Nc8 29. Ke2 Kf8 30. Kd2 Ke7 31. Kc3 Kd7 32. Kb4 Kc7 33. Ka5 Nb6 34. Na3 Kb7 35. Kb4 Nba4 36. Bxa4 Nxa4 37. Ka5 g5 38. Nc2 Nb2 39. Kb4 Kb6 40. Ne3 a5+ 41. Kb3 Nd3 42. Kc3 Nf4 43. Nf5 Kc5 44. Ne7 Ne2+ 45. Kd2 Nd4 46. Kc3 b4+ 47. Kd3 a4 48. Nf5 Nxf5 49. exf5 a3 50. Kc2 Kc4 51. g3 b3+ 52. Kb1 Kc3 0-1

[Event "CZE-ch U12"]
[Site "Kouty nad Desnou"]
[Date "2014.03.15"]
[Round "9"]
[White "Havelka, Frantisek"]
[Black "Riha, Vojtech"]
[Result "1/2-1/2"]
[WhiteElo "1476"]
[BlackElo "1526"]
[PlyCount "43"]
[EventDate "2014.03.08"]
[EventType "swiss"]
[EventRounds "9"]
[EventCountry "CZE"]
[SourceTitle "EXT 2015"]
[Source "ChessBase"]
[SourceDate "2014.11.20"]
[SourceVersion "1"]
[SourceVersionDate "2014.11.20"]
[SourceQuality "1"]

1. d4 d5 2. e3 c5 3. c3 Nc6 4. f4 Bf5 5. Be2 e6 6. Nf3 Nf6 7. 0-0 Be7 8. Nbd2 c4 9. Ne5 Nxe5 10. fxe5 Ne4 11. Bg4 Bg5 12. Nxe4 Bxe4 13. Bf3 Bd3 14. Be2 Bxe2 15. Qxe2 0-0 16. e4 Bxc1 17. Raxc1 Qe7 18. exd5 exd5 19. Rf3 Rae8 20. Re1 b5 21. Re3 Qe6 22. Qh5 1/2-1/2

[Event "CZE-ch U12"]
[Site "Kouty nad Desnou"]
[Date "2014.03.09"]
[Round "2"]
[White "Vraj, Ondrej"]
[Black "Havelka, Frantisek"]
[Result "1-0"]
[WhiteElo "1509"]
[BlackElo "1476"]
[PlyCount "119"]
[EventDate "2014.03.08"]
[EventType "swiss"]
[EventRounds "9"]
[EventCountry "CZE"]
[SourceTitle "EXT 2015"]
[Source "ChessBase"]
[SourceDate "2014.11.20"]
[SourceVersion "1"]
[SourceVersionDate "2014.11.20"]
[SourceQuality "1"]

1. e4 c5 2. Nf3 e6 3. d4 cxd4 4. Nxd4 a6 5. Nc3 Qc7 6. Be3 Nf6 7. f3 Bb4 8. Qd2 d5 9. a3 Bxc3 10. Qxc3 Qxc3+ 11. bxc3 dxe4 12. f4 Nd5 13. Bd2 e3 14. Bc1 Nxf4 15. Bxe3 Nd5 16. Bd2 0-0 17. g3 e5 18. Nb3 Nc6 19. Bg2 Nf6 20. Rb1 e4 21. Nc5 b5 22. 0-0 Be6 23. Nxe4 Nxe4 24. Bxe4 Rac8 25. Rbd1 Bg4 26. Rde1 Bh3 27. Rf4 Rfe8 28. Rh4 Be6 29. Bxh7+ Kf8 30. Bf5 Kg8 31. Rhe4 Rcd8 32. Bf4 Kf8 33. Bxe6 Rxe6 34. Rxe6 fxe6 35. Rxe6 Rc8 36. Kf2 Kf7 37. Rd6 a5 38. Rd7+ Kf6 39. Rc7 Rxc7 40. Bxc7 b4 41. cxb4 axb4 42. axb4 Nxb4 43. c4 Nc6 44. c5 Nb4 45. Bd6 Kf5 46. Kf3 g5 47. h3 Nc6 48. Ke3 Na5 49. Be7 Nc6 50. g4+ Kg6 51. Bxg5 Kxg5 52. Ke4 Kh4 53. Kd5 Nb4+ 54. Kd6 Kxh3 55. g5 Nd3 56. g6 Nf4 57. g7 Nd3 58. g8Q Nxc5 59. Kxc5 Kh4 60. Kd4 1-0

[Event "Mlada Boleslav Region-ch U20"]
[Site "Mlada Boleslav"]
[Date "2013.06.23"]
[Round "7"]
[White "Novotny, Martin"]
[Black "Havelka, Frantisek"]
[Result "0-1"]
[WhiteElo "1250"]
[BlackElo "1326"]
[PlyCount "72"]
[EventDate "2013.06.22"]
[EventType "swiss"]
[EventRounds "7"]
[EventCountry "CZE"]
[SourceTitle "EXT 2015"]
[Source "ChessBase"]
[SourceDate "2014.11.20"]
[SourceVersion "1"]
[SourceVersionDate "2014.11.20"]
[SourceQuality "1"]

1. d4 d5 2. c4 e6 3. Nf3 Bd6 4. Nc3 c6 5. Bd2 f5 6. Bg5 Nf6 7. e3 0-0 8. Bd3 Qc7 9. c5 Be7 10. 0-0 Bd8 11. Ne5 Nbd7 12. Bf4 Nxe5 13. Bxe5 Qd7 14. h3 Bc7 15. f4 Ne4 16. Nxe4 fxe4 17. Be2 b6 18. Bg4 bxc5 19. dxc5 Bxe5 20. fxe5 Ba6 21. Rxf8+ Rxf8 22. Be2 Bxe2 23. Qxe2 d4 24. Rd1 d3 25. Qh5 Qd5 26. b3 Qxc5 27. Qg5 Qc2 28. Ra1 d2 29. Qg4 Qc1+ 30. Rxc1 dxc1Q+ 31. Kh2 Qxe3 32. Qxe6+ Kh8 33. Qxc6 Qf4+ 34. Kh1 Qxe5 35. Qc1 e3 36. Qa3 Rf1# 0-1

[Event "Mlada Boleslav Region-ch U20"]
[Site "Mlada Boleslav"]
[Date "2013.06.22"]
[Round "1"]
[White "Havelka, Frantisek"]
[Black "Sulc, Jakub"]
[Result "1-0"]
[WhiteElo "1326"]
[BlackElo "1250"]
[PlyCount "103"]
[EventDate "2013.06.22"]
[EventType "swiss"]
[EventRounds "7"]
[EventCountry "CZE"]
[SourceTitle "EXT 2015"]
[Source "ChessBase"]
[SourceDate "2014.11.20"]
[SourceVersion "1"]
[SourceVersionDate "2014.11.20"]
[SourceQuality "1"]

1. e4 e5 2. Nf3 Nf6 3. Nxe5 Qe7 4. Nf3 Nxe4 5. Qe2 Nf6 6. Qxe7+ Bxe7 7. Bc4 0-0 8. 0-0 Bc5 9. d4 Bb6 10. Bg5 Ne4 11. Bh4 Nc6 12. Re1 Nd6 13. Bb3 Nxd4 14. Nxd4 Bxd4 15. c3 Nf5 16. cxd4 Nxh4 17. Nc3 c6 18. d5 g6 19. d6 Nf5 20. Rad1 b6 21. Bc4 Bb7 22. Ne4 Kg7 23. Ng5 Nh6 24. Re7 Kg8 25. Rxd7 Rab8 26. Rc7 Bc8 27. d7 Bxd7 28. Rdxd7 b5 29. Bxf7+ Nxf7 30. Rxf7 Rxf7 31. Rxf7 Rd8 32. h3 Rd2 33. Rxh7 Rxb2 34. Rxa7 c5 35. a4 Ra2 36. Rc7 bxa4 37. Rxc5 a3 38. Ra5 Kg7 39. Ne4 Re2 40. Nc3 Re1+ 41. Kh2 Ra1 42. Nb5 Ra2 43. Rxa3 Rxf2 44. Nd6 Kf6 45. Rf3+ Rxf3 46. gxf3 Ke6 47. Ne4 Ke5 48. Kg3 Kf5 49. h4 g5 50. hxg5 Kg6 51. f4 Kg7 52. Kg4 1-0

[Event "Mlada Boleslav Region-ch U20"]
[Site "Mlada Boleslav"]
[Date "2012.06.24"]
[Round "7"]
[White "Gabrielova, Marketa"]
[Black "Havelka, Frantisek"]
[Result "0-1"]
[WhiteElo "1100"]
[BlackElo "1250"]
[PlyCount "74"]
[EventDate "2012.06.23"]
[EventType "swiss"]
[EventRounds "7"]
[EventCountry "CZE"]
[SourceTitle "EXT 2014"]
[Source "ChessBase"]
[SourceDate "2013.11.20"]
[SourceVersion "1"]
[SourceVersionDate "2013.11.20"]
[SourceQuality "1"]

1. e4 c5 2. Nf3 e6 3. Nc3 a6 4. Bd3 d6 5. Bc4 b5 6. Bd3 Bb7 7. 0-0 Nd7 8. Re1 Qc7 9. a3 Be7 10. b4 cxb4 11. axb4 Ngf6 12. h3 0-0 13. Be2 Nxe4 14. Nxe4 Bxe4 15. d3 Bb7 16. Bf1 Rac8 17. Nd4 Bf6 18. Qg4 Qc3 19. Be3 Qxb4 20. Rec1 Qc3 21. Ne2 Qc6 22. f3 Bxa1 23. Bh6 Bf6 24. Ng3 Qc5+ 25. Kh1 Ne5 26. Qh5 g6 27. Ne4 gxh5 28. Nxc5 Rxc5 29. Bxf8 Kxf8 30. d4 Bg5 31. Rd1 Rxc2 32. dxe5 dxe5 33. Bd3 Rc8 34. Bxh7 Rc1 35. h4 Rxd1+ 36. Kh2 Bf4+ 37. Kh3 Rh1# 0-1